[Event "Arber op 7th"]
[Site "Bodenmais"]
[Date "2018.08.02"]
[Round "6"]
[White "Huhs, Sven"]
[Black "Ilic, Andreas"]
[Result "1-0"]
[WhiteElo "2034"]
[BlackElo "1893"]
[PlyCount "33"]
[EventDate "2018.07.28"]
[EventType "swiss"]
[EventRounds "9"]
[EventCountry "GER"]
[SourceTitle "CBM 185 Extra"]
[Source "ChessBase"]
[SourceDate "2018.07.29"]
[SourceVersion "1"]
[SourceVersionDate "2018.07.29"]
[SourceQuality "1"]

1. d4 Nf6 2. c4 d6 3. Nc3 Nc6 4. d5 Nb8 5. e4 a5 6. f4 g6 7. Nf3 Bg7 8. Be2 Na6 9. 0-0 0-0 10. Kh1 c6 11. Be3 Ng4 12. Bd4 Bh6 13. Ng5 e5 14. dxe6 c5 15. Nxf7 Qh4 16. Bxg4 cxd4 17. g3 1-0

[Event "Arber op 7th"]
[Site "Bodenmais"]
[Date "2018.07.29"]
[Round "2"]
[White "Naumann, Thomas"]
[Black "Ilic, Andreas"]
[Result "1/2-1/2"]
[WhiteElo "1710"]
[BlackElo "1893"]
[PlyCount "100"]
[EventDate "2018.07.28"]
[EventType "swiss"]
[EventRounds "9"]
[EventCountry "GER"]
[SourceTitle "CBM 185 Extra"]
[Source "ChessBase"]
[SourceDate "2018.07.29"]
[SourceVersion "1"]
[SourceVersionDate "2018.07.29"]
[SourceQuality "1"]

1. d4 Nf6 2. c4 d6 3. Nc3 Nc6 4. h3 e5 5. d5 Nb8 6. Bg5 a5 7. e3 Na6 8. Ne4 Be7 9. Bxf6 gxf6 10. Bd3 f5 11. Ng3 e4 12. Bc2 Bf6 13. Rb1 Nc5 14. N1e2 Rg8 15. Nd4 Be5 16. Qh5 Qf6 17. 0-0 Bd7 18. b3 Rg5 19. Qh4 f4 20. exf4 Bxf4 21. Nde2 Bxg3 22. fxg3 Qg7 23. Bxe4 0-0-0 24. Bf3 Re8 25. Kh2 Rge5 26. Nf4 Re3 27. g4 f5 28. g5 Qe7 29. Qf2 Qxg5 30. g3 Rc3 31. Rbe1 Re5 32. h4 Qe7 33. Kg2 Nd3 34. Nxd3 Rxd3 35. Rxe5 dxe5 36. Bd1 e4 37. Qa7 Kd8 38. Qxa5 Qe5 39. Qe1 e3 40. Kg1 e2 41. Qxe2 Qd4+ 42. Kh1 Rxg3 43. Rf2 Re3 44. Qf1 Qxh4+ 45. Kg1 Rg3+ 46. Rg2 Qd4+ 47. Kh2 Qh4+ 48. Kg1 Qd4+ 49. Kh2 Qh4+ 50. Kg1 Qd4+ 1/2-1/2

[Event "Arber op 6th"]
[Site "Bodenmais"]
[Date "2017.08.01"]
[Round "4"]
[White "Ilic, Andreas"]
[Black "Frank, Benjamin"]
[Result "0-1"]
[WhiteElo "1969"]
[BlackElo "2125"]
[PlyCount "54"]
[EventDate "2017.07.29"]
[EventType "swiss"]
[EventRounds "9"]
[EventCountry "GER"]
[SourceTitle "CBM 179 Extra"]
[Source "ChessBase"]
[SourceDate "2017.08.23"]
[SourceVersion "1"]
[SourceVersionDate "2017.08.23"]
[SourceQuality "1"]

1. e4 Nf6 2. Nc3 e6 3. d4 Bb4 4. Bd2 d6 5. Bd3 c5 6. Nf3 cxd4 7. Nxd4 Nc6 8. Nf3 a6 9. 0-0 0-0 10. a3 Bc5 11. Kh1 Ng4 12. Ng5 Nxf2+ 13. Rxf2 Bxf2 14. Qh5 h6 15. Rf1 Bd4 16. e5 Nxe5 17. Bh7+ Kh8 18. Nce4 f5 19. Nxd6 Qxd6 20. Bf4 Qe7 21. c3 Nd3 22. Bd2 Nf2+ 23. Rxf2 Bxf2 24. Bg6 Bd7 25. Nh3 Qh4 26. Qf3 Qg4 27. Qxb7 Qd1+ 0-1

[Event "Arber op 6th"]
[Site "Bodenmais"]
[Date "2017.07.31"]
[Round "3"]
[White "Beulertz, Stefan"]
[Black "Ilic, Andreas"]
[Result "0-1"]
[WhiteElo "2025"]
[BlackElo "1969"]
[PlyCount "66"]
[EventDate "2017.07.29"]
[EventType "swiss"]
[EventRounds "9"]
[EventCountry "GER"]
[SourceTitle "CBM 179 Extra"]
[Source "ChessBase"]
[SourceDate "2017.08.23"]
[SourceVersion "1"]
[SourceVersionDate "2017.08.23"]
[SourceQuality "1"]

1. d4 d6 2. e4 Nc6 3. Nf3 Bg4 4. Bb5 a6 5. Bxc6+ bxc6 6. Qd3 e6 7. Nc3 Ne7 8. h3 Bxf3 9. Qxf3 Ng6 10. Be3 Be7 11. g3 Rb8 12. Rb1 0-0 13. 0-0 d5 14. Qe2 dxe4 15. Nxe4 f5 16. Nc5 Bxc5 17. dxc5 f4 18. Bd2 fxg3 19. fxg3 Qd5 20. c4 Qd4+ 21. Be3 Qe5 22. Kg2 Rxf1 23. Kxf1 Qxg3 24. Re1 Rf8+ 25. Bf2 Qxh3+ 26. Kg1 Nf4 27. Qe4 Rf6 28. Re3 Qg4+ 29. Kf1 Qd1+ 30. Re1 Qd3+ 31. Qxd3 Nxd3 32. Re2 Rxf2+ 33. Rxf2 Nxf2 0-1

[Event "IBCA Wch blind 12th"]
[Site "Belgrade"]
[Date "2010.08.30"]
[Round "5.32"]
[White "Ilic, Andreas"]
[Black "Fratini, Mauro"]
[Result "0-1"]
[WhiteElo "2064"]
[BlackElo "1854"]
[PlyCount "100"]
[EventDate "2010.08.26"]
[EventType "swiss"]
[EventRounds "9"]
[EventCountry "SRB"]
[SourceTitle "EXT 2011"]
[Source "ChessBase"]
[SourceDate "2010.11.26"]
[SourceVersion "1"]
[SourceVersionDate "2010.11.26"]
[SourceQuality "1"]

1. e4 Nf6 2. Nc3 d5 3. exd5 Nxd5 4. Bc4 Nxc3 5. Qf3 e6 6. Qxc3 Nd7 7. d4 c6 8. Ne2 Nf6 9. Qf3 Be7 10. 0-0 b5 11. Bxb5 cxb5 12. Qxa8 a5 13. Bd2 b4 14. a3 0-0 15. axb4 axb4 16. Ra7 Nd5 17. c4 Nb6 18. Qe4 Nxc4 19. Qc2 Nxd2 20. Qxd2 Bd7 21. Rc1 Bd6 22. Ng3 f5 23. Rca1 Bc6 24. Nh5 Be5 25. Rc1 Bxd4 26. Rxc6 Bxa7 27. Rd6 Qh4 28. Qe2 Bxf2+ 29. Kf1 Bc5 30. Rd1 Bd4 31. g3 Qg4 32. Qxe6+ Kh8 33. Qe2 Qxe2+ 34. Kxe2 Bxb2 35. Nf4 Re8+ 36. Kd3 Kg8 37. Nd5 Re5 38. Kc2 Re2+ 39. Kb3 Rxh2 40. Ne7+ Kf8 41. Kxb4 g6 42. Nc6 Rh3 43. Rd3 Kf7 44. Kc4 Kf6 45. Rb3 Ba1 46. Nb4 Kg5 47. Nd5 Be5 48. Rb1 Bxg3 49. Kd4 Bf2+ 50. Ke5 Rh4 0-1

[Event "IBCA Wch blind 12th"]
[Site "Belgrade"]
[Date "2010.08.27"]
[Round "2.4"]
[White "Dukaczewski, Piotr"]
[Black "Ilic, Andreas"]
[Result "1-0"]
[WhiteElo "2319"]
[BlackElo "2064"]
[PlyCount "77"]
[EventDate "2010.08.26"]
[EventType "swiss"]
[EventRounds "9"]
[EventCountry "SRB"]
[SourceTitle "EXT 2011"]
[Source "ChessBase"]
[SourceDate "2010.11.26"]
[SourceVersion "1"]
[SourceVersionDate "2010.11.26"]
[SourceQuality "1"]

1. d4 d6 2. c4 e5 3. dxe5 dxe5 4. Qxd8+ Kxd8 5. g3 c6 6. Nf3 f6 7. Bg2 Be6 8. b3 Kc7 9. 0-0 Nd7 10. Bb2 g5 11. Nc3 h5 12. Rac1 Rd8 13. Rfd1 Kb8 14. Ne4 Be7 15. Nfxg5 Nf8 16. Rxd8+ Bxd8 17. Nc5 fxg5 18. Bxe5+ Bc7 19. Bxh8 Bg4 20. h3 Bc8 21. Nd3 Ng6 22. Bb2 Nh6 23. e4 h4 24. g4 Nf7 25. e5 Be6 26. Be4 Nf8 27. Bf5 a5 28. Ba3 Bxf5 29. gxf5 Nh7 30. e6 Nd6 31. Bxd6 Bxd6 32. c5 Be7 33. Ne5 Nf6 34. Rd1 Kc8 35. Nd7 Nxd7 36. Rxd7 Bxc5 37. f6 a4 38. f7 Bf8 39. e7 1-0